Les 10 personnages de One Piece les plus sous côtés - Statistiques

Statistiques générales
  • Ce quiz a été pris 89 fois
  • Le résultat moyen est 4 sur 10
Statistiques - réponses
Rôle Réponse % Correct
Dieu Ener
88%
Marine Garp
78%
Éléphant Zunesha
78%
Pirate Mihawk
43%
Marine Ryokugyu
25%
Pirate Big Mom
18%
Pirate Oden
13%
Gouvernement Mondial Magellan
7%
Pirate Urouge
7%
Pirate Yamato
6%
Aucun quiz correspondant
Distribution des résultats
% des personnes avec chaque résultat
Percentile par nombre de réponses
Votre historique - résultats
Vous n’avez pas pris ce quiz